| 000 | 00460nam a2200181Ia 4500 | ||
|---|---|---|---|
| 003 | GCL | ||
| 008 | 140319s9999 xx 000 0 eng d | ||
| 040 |
_aGCL / _cGCL |
||
| 082 | 0 | 4 |
_a306.4 _bF C |
| 100 | 1 | _aFAIRCLOUGH, NORMAN | |
| 245 | 1 | 0 |
_aCRITICAL LANGUAGE AWARENESS / _cFAIRCLOUGH, NORMAN |
| 260 |
_a[S.N] : _bLONGMAN ، _c1992 |
||
| 300 | _a343 P | ||
| 650 | 0 | 4 | _aEDUCATION |
| 650 | 0 | 4 | _aLANGUAGES |
| 650 | 0 | 4 | _aLANGUAGE - AWARENESS |
| 942 |
_2ddc _cBK |
||
| 999 |
_c24527 _d24527 |
||